El Palau Güell, obra d'Antoni Gaudí, celebra el 30è aniversari de la seva declaració com a Patrimoni Mundial per la UNESCO pel seu valor excepcional /
Descripción Física:
1 punt de llibre : il·lustracions ; 20 x 7 cm
Idioma:
Catalán
MARC
| LEADER | 00000nrm a2200000 a 4500 | ||
|---|---|---|---|
| 001 | 26280 | ||
| 003 | Arxiu | ||
| 005 | 20260324181130.0 | ||
| 008 | 220719b spa||||| |||| 00| 0 cat d | ||
| 017 | |a DL B 24000-2014 | ||
| 080 | |a NBM-14-61 | ||
| 245 | 0 | 3 | |a El Palau Güell, obra d'Antoni Gaudí, celebra el 30è aniversari de la seva declaració com a Patrimoni Mundial per la UNESCO pel seu valor excepcional / |c fotografia: Mar Mateu, Victor Celdrán |
| 260 | |a Barcelona : |b Palau Güell, |c 2014 | ||
| 300 | |a 1 punt de llibre : |b il·lustracions ; |c 20 x 7 cm | ||
| 500 | |a Punt de llibre de la cavallerissa del Palau Güell elaborat per la mateixa institució. | ||
| 610 | 2 | 0 | |a Palau Güell (Barcelona) |9 17034 |
| 655 | 0 | |a Punts de llibre |9 52700 | |
| 700 | |9 53916 |a Mateu, Mar |e fotografies | ||
| 700 | |9 53917 |a Celdrán, Víctor |e fotografies | ||
| 710 | 2 | |a Palau Güell (Barcelona) |9 17034 | |
| 942 | |2 udc |c ARXIU |n 1 | ||
| 952 | |0 0 |1 0 |4 0 |6 NBM1461 |7 1 |9 62815 |a Arxiu |b Arxiu |d 2022-07-19 |l 0 |o NBM-14-61 |p 26280 |r 2022-07-19 00:00:00 |w 2022-07-19 |y ARXIU | ||
| 999 | |c 82300 |d 82300 | ||